[Event "UTP Team-chT"]
[Site "Seri Iskandar"]
[Date "2017.09.24"]
[Round "7.4"]
[White "Mohd, Hafizul Ishak"]
[Black "Foo Chee, Kin"]
[Result "0-1"]
[WhiteElo "1734"]
[BlackElo "1769"]
[PlyCount "74"]
[EventDate "2017.09.23"]
[EventType "team-swiss"]
[EventRounds "7"]
[EventCountry "MAS"]
[SourceTitle "EXT 2019"]
[Source "ChessBase"]
[SourceDate "2018.10.10"]
[SourceVersion "1"]
[SourceVersionDate "2018.10.10"]
[SourceQuality "1"]

1. e4 e6 2. Nf3 d5 3. exd5 exd5 4. d4 Nf6 5. Bd3 Bd6 6. h3 0-0 7. 0-0 c6 8. c3 Qc7 9. Be3 Re8 10. Nbd2 Nbd7 11. Qc2 Nf8 12. Rae1 Bd7 13. Bg5 Nh5 14. c4 dxc4 15. Nxc4 Bb4 16. Rxe8 Rxe8 17. a3 Be7 18. Bd2 Nf4 19. Nce5 Nxd3 20. Qxd3 Be6 21. Bc3 f6 22. Nc4 Ng6 23. Ne3 Nf4 24. Qc2 Qd7 25. Rd1 Bd6 26. Ne5 Qc8 27. N5c4 Bb8 28. Bb4 Qd7 29. Nd2 Bxh3 30. gxh3 Qxh3 31. Qc4+ Kh8 32. Ndf1 Qf3 33. Ng3 Rxe3 34. Qf1 Ne2+ 35. Nxe2 Rxe2 36. Bc3 Re4 37. Qd3 Bh2+ 0-1